Дело о выкупе земельных наделов временнообязанными крестьянами князя Н.А. Лобанова-Ростовского сел Трофимова, Долбенкина и дерев...

Доступно только в Электронных читальных залах Найти на картеНа карте
RUSMARC
00004279nmc2a2200000 x 450
001c3c50598-e377-46dc-aa0d-3860ed7903a3
00520170913122957.0
100##$a20140326l18661866k l0rusy0189 ca
1010#$arus
102##$aRU
2001#$aДело о выкупе земельных наделов временнообязанными крестьянами князя Н.А. Лобанова-Ростовского сел Трофимова, Долбенкина и деревень Погарища, Студенки и других Дмитровского уезда Орловской губернии
$j6 января - 10 июня 1866 г.
251##$cДело
300##$aДело
300##$aОриг. заголовок дела: Дело князя Лобанова-Ростовского Н.А. Орловской губернии Дмитровского уезда деревни Погарища, села Трофимова, села Долбенкина, деревни Студенки и др. 6 января 1866 г. - 10 июня 1866 г
801#0$aRU
$bРГИА
$c20140326
$gRCR
801#1$aRU
$bГлавНИВЦ
$c20140326
$2rusmarc
801#2$aRU
$bПБ им. Б.Н. Ельцина
$c20170913
$gRCR
$2rusmarc
850##$aРГИА
852##$aРГИА
$eФедеральное казенное учреждение "Российский государственный исторический архив" (РГИА)
$j656
937##$hРГИА
$d11017372
$aASBIBLIO_SCAN
462#0$10012327ab3a-0548-404e-b4cb-e37355ac5039
$12001
$a1863-1889 гг.
$1251
$cОпись
$1852
$j26
461#0$10018ef30ad5-ff5c-4840-a721-74c62a200f95
$12001
$aГлавное выкупное учреждение Министерства финансов
$1251
$cФонд
$1852
$j577
215##$a207 л.
$d36,5х26 см
371##$aДокумент не является опубликованным и широко распространяемым
1222#$ad
105##$ay###
5171#$aДело князя Лобанова-Ростовского Н.А. Орловской губернии Дмитровского уезда деревни Погарища, села Трофимова, села Долбенкина, деревни Студенки и др. 6 января 1866 г. - 10 июня 1866 г.
035##$ac3c50598-e377-46dc-aa0d-3860ed7903a3
856##$uhttp://readingroom.main.prlib.ru/item.aspx?id_node=n104545250&mode=full
Формат отображения